| 000 | 00711nam a2200217 a 4500 | ||
|---|---|---|---|
| 005 | 20241029063713.0 | ||
| 008 | 040421s2001 es r 000 0 spa d | ||
| 020 | _a8495114607 | ||
| 035 | _aUPN01000132977 | ||
| 049 | _aCG | ||
| 050 | 4 |
_aGV363 _bL4.3 |
|
| 100 | 1 |
_aLe Boulch, Jean, _d1924-2001 _928966 |
|
| 245 | 1 | 3 |
_aEl cuerpo en la escuela en el siglo XXI / _cJean Le Boulch ; tr. Isabel Palau Casellas. |
| 260 |
_aBarcelona, Esp. : _bINDE, _c2001. |
||
| 300 | _a450 p. | ||
| 534 |
_pTraducción de: _tLe corps a l'école au XXI siecle |
||
| 650 | 4 |
_aEducación física _xEstudio y enseñanza _94839 |
|
| 650 | 7 |
_aEducación psicomotriz _2 _95394 |
|
| 650 | 4 |
_aEducación física _912884 |
|
| 905 | _aLibro | ||
| 999 |
_c105130 _d105130 |
||